<?xml version="1.0" encoding="UTF-8"?>
<record
    xmlns:xsi="http://www.w3.org/2001/XMLSchema-instance"
    xsi:schemaLocation="http://www.loc.gov/MARC21/slim http://www.loc.gov/standards/marcxml/schema/MARC21slim.xsd"
    xmlns="http://www.loc.gov/MARC21/slim">

  <leader>02793nam a22003017a 4500</leader>
  <controlfield tag="005">20240305165608.0</controlfield>
  <controlfield tag="007">cr||||   |||| </controlfield>
  <controlfield tag="008">210706s2020    co |||||s|||| 00||0 spa d</controlfield>
  <datafield tag="020" ind1=" " ind2=" ">
    <subfield code="a">978-958-792-197-7</subfield>
  </datafield>
  <datafield tag="035" ind1=" " ind2=" ">
    <subfield code="a">33341</subfield>
  </datafield>
  <datafield tag="040" ind1=" " ind2=" ">
    <subfield code="a">vLex</subfield>
  </datafield>
  <datafield tag="090" ind1=" " ind2=" ">
    <subfield code="c">11853</subfield>
    <subfield code="d">11853</subfield>
  </datafield>
  <datafield tag="100" ind1="1" ind2=" ">
    <subfield code="a">Rinc&#xF3;n Soto, Carlos Augusto</subfield>
  </datafield>
  <datafield tag="245" ind1="1" ind2="0">
    <subfield code="a">Contabilidad de costos II</subfield>
    <subfield code="h">[Recurso electr&#xF3;nico] :</subfield>
    <subfield code="b">Costos por procesos, costos conjuntos y costos est&#xE1;ndar. Con aproximaciones a la NIC2 /</subfield>
    <subfield code="c">Carlos Augusto Rinc&#xF3;n Soto, Fernando Villarreal V&#xE1;squez, Juli&#xE1;n Andr&#xE9;s Narv&#xE1;ez Grisales, Francisco Ricardo Molina Mora</subfield>
  </datafield>
  <datafield tag="250" ind1=" " ind2=" ">
    <subfield code="a">2&#xAA; Edici&#xF3;n</subfield>
  </datafield>
  <datafield tag="256" ind1=" " ind2=" ">
    <subfield code="a">Servicio en l&#xED;nea</subfield>
  </datafield>
  <datafield tag="260" ind1=" " ind2=" ">
    <subfield code="a">Bogot&#xE1;:</subfield>
    <subfield code="b">Ediciones de la U,</subfield>
    <subfield code="c">2020</subfield>
  </datafield>
  <datafield tag="300" ind1=" " ind2=" ">
    <subfield code="a">1 recurso electr&#xF3;nico</subfield>
  </datafield>
  <datafield tag="500" ind1=" " ind2=" ">
    <subfield code="a">Contabilidad de Costos II trae elementos especiales e innovadores en la ense&#xF1;anza y aplicaci&#xF3;n de los costos por procesos, est&#xE1;ndar y conjuntos, con ejemplos b&#xE1;sicos e integrales  de los procesos de c&#xE1;lculo, contable y documental del sistema de informaci&#xF3;n de costos,  enfoc&#xE1;ndose en un m&#xE9;todo m&#xE1;s sencillo para los c&#xE1;lculos y obtenci&#xF3;n de indicadores comunes y otros originales  necesarios para la toma de decisiones.   Los  costos por procesos en l&#xED;nea se aplican con la matriz FHER (Forma Horizontal de Establecer Resultados), que entrega los mismos indicadores de la matriz tradicional vertical, pero m&#xE1;s inteligible para ense&#xF1;ar e interpretar.  Contiene ejercicios compuestos por per&#xED;odos, explicados de manera articulada al proceso contable  y documental (k&#xE1;rdex, n&#xF3;mina, hoja de costos). En los costos est&#xE1;ndar se plantea el ejercicio de las bandas superior e inferior, indicadores de variaci&#xF3;n por bandas, un ejemplo completo de est&#xE1;ndar con procesos y est&#xE1;ndar en &#xF3;rdenes de producci&#xF3;n, compuesto por per&#xED;odos con la articulaci&#xF3;n contable y documental.  Esta herramienta conceptual y aplicada, apoya al docente con ejemplos y ejercicios que ayudar&#xE1;n al estudiante a entender de manera integral el sistema de informaci&#xF3;n de costos, con las metodolog&#xED;as en l&#xED;nea, conjuntos y est&#xE1;ndar.</subfield>
  </datafield>
  <datafield tag="506" ind1="1" ind2=" ">
    <subfield code="a">Disponible solo en los productos indicados</subfield>
    <subfield code="d">vLex Global</subfield>
    <subfield code="d">vLex Global (Academic Edition, excluding Law Schools)</subfield>
    <subfield code="d">vLex Global (U.S. Academic Edition, Law Schools)</subfield>
    <subfield code="d">vLex Global (U.S. Academic Edition, excluding Law Schools)</subfield>
    <subfield code="d">vLex Global (Academic Edition, Law Schools)</subfield>
  </datafield>
  <datafield tag="650" ind1="0" ind2="4">
    <subfield code="a">Contabilidad</subfield>
    <subfield code="z">Colombia</subfield>
  </datafield>
  <datafield tag="700" ind1="1" ind2=" ">
    <subfield code="a">Villarreal V&#xE1;squez, Fernando</subfield>
  </datafield>
  <datafield tag="700" ind1="1" ind2=" ">
    <subfield code="a">Narv&#xE1;ez Grisales, Juli&#xE1;n Andr&#xE9;s</subfield>
  </datafield>
  <datafield tag="700" ind1="1" ind2=" ">
    <subfield code="a">Molina Mora, Francisco Ricardo</subfield>
  </datafield>
  <datafield tag="740" ind1="0" ind2=" ">
    <subfield code="a">vLex Libros (Servicio en l&#xED;nea)</subfield>
  </datafield>
  <datafield tag="856" ind1="4" ind2="0">
    <subfield code="u">https://vlex.com/source/contabilidad-de-costos-ii-costos-por-procesos-costos-conjuntos-y-costos-estandar-con-aproximaciones-a-la-nic2-2-edicion-33341</subfield>
  </datafield>
  <datafield tag="942" ind1=" " ind2=" ">
    <subfield code="c">RAA</subfield>
  </datafield>
  <datafield tag="952" ind1=" " ind2=" ">
    <subfield code="0">0</subfield>
    <subfield code="1">0</subfield>
    <subfield code="4">0</subfield>
    <subfield code="7">0</subfield>
    <subfield code="8">VLEX</subfield>
    <subfield code="9">328042</subfield>
    <subfield code="a">BD-UIN</subfield>
    <subfield code="b">BD-UIN</subfield>
    <subfield code="d">2024-03-05</subfield>
    <subfield code="l">0</subfield>
    <subfield code="p">33341</subfield>
    <subfield code="r">2024-03-05</subfield>
    <subfield code="w">2024-03-05</subfield>
    <subfield code="y">RAA</subfield>
  </datafield>
  <datafield tag="999" ind1=" " ind2=" ">
    <subfield code="c">170089</subfield>
    <subfield code="d">170089</subfield>
  </datafield>
</record>
